Photosynthesis. (Record no. 3946)

MARC details
000 -LEADER
fixed length control field 00501nam a22002057a 4500
003 - CONTROL NUMBER IDENTIFIER
control field OSt
005 - DATE AND TIME OF LATEST TRANSACTION
control field 20160510143629.0
008 - FIXED-LENGTH DATA ELEMENTS--GENERAL INFORMATION
fixed length control field 160510b xxu||||| |||| 00| 0 eng d
020 ## - INTERNATIONAL STANDARD BOOK NUMBER
International Standard Book Number 1859961576
040 ## - CATALOGING SOURCE
Transcribing agency DDC.
082 ## - DEWEY DECIMAL CLASSIFICATION NUMBER
Classification number 572.46LAW 2001.
100 ## - MAIN ENTRY--PERSONAL NAME
Personal name Lawlor,W.David.
9 (RLIN) 8644
245 ## - TITLE STATEMENT
Title Photosynthesis.
250 ## - EDITION STATEMENT
Edition statement 3rd ed.
260 ## - PUBLICATION, DISTRIBUTION, ETC. (IMPRINT)
Place of publication, distribution, etc. UK
Name of publisher, distributor, etc. Bios,
Date of publication, distribution, etc. 2001.
300 ## - PHYSICAL DESCRIPTION
Extent xii,386p;
Other physical details ill;
Dimensions 24cm.
504 ## - BIBLIOGRAPHY, ETC. NOTE
Bibliography, etc includes References and index.
650 ## - SUBJECT ADDED ENTRY--TOPICAL TERM
Topical term or geographic name as entry element biology
9 (RLIN) 5602
942 ## - ADDED ENTRY ELEMENTS (KOHA)
Source of classification or shelving scheme Dewey Decimal Classification
Koha item type Short Loan
Holdings
Withdrawn status Lost status Source of classification or shelving scheme Damaged status Not for loan Home library Current library Date acquired Source of acquisition Inventory number Total Checkouts Full call number Barcode Date last seen Price effective from Koha item type
    Dewey Decimal Classification     MUST Main Library MUST Main Library 10/05/2016 Purchase 05/23996   572.46LAW 2001. 2016-1708 10/05/2016 10/05/2016 Short Loan
    Dewey Decimal Classification     MUST Main Library MUST Main Library 13/05/2016 Purchase 05/23997   572.46LAW 2001. 2016-1857 13/05/2016 13/05/2016 Short Loan
    Dewey Decimal Classification     MUST Main Library MUST Main Library 16/05/2016 Purchase 2001/15948   572.46LAW 2001. 2016-1965 16/05/2016 16/05/2016 Short Loan
    Dewey Decimal Classification     MUST Main Library MUST Main Library 19/05/2021 purchase 05/23998   572.46LAW 2001. 2021-0571 19/05/2021 19/05/2021 Open Shelf